| 000 | 00527nam a2200169 i 4500 | ||
|---|---|---|---|
| 001 | 21871 | ||
| 003 | ES-MaACL | ||
| 005 | 20230906152549.0 | ||
| 007 | t| | ||
| 008 | 021128s1887 fr ||||1| fre d | ||
| 100 | 1 |
_aAlcorta, Amancio. _919578 |
|
| 245 | 1 | 0 |
_aCurs de Droit International Public / _cpar Amancio Alcorta ; edition française avec une introduction par Ernest Lehr. |
| 260 |
_aBar-le-Duc : _bContant-La Guerre, _c1887. |
||
| 300 |
_a1 v. ; _c22 cm. |
||
| 700 | 1 |
_aLehr, Ernest. _971355 |
|
| 852 |
_aES-MaACL _jF-8332 |
||
| 999 |
_c21871 _d21871 |
||